Med Terms 1 - 100 - Statistics

General Stats
  • This quiz has been taken 9 times
  • The average score is 28 of 100
Answer Stats
Hint Answer % Correct
cerebr- brain
100%
Cardi- heart
100%
dermat- skin
100%
hem(at)- blood
83%
Gastr- stomach
83%
supra- above
67%
ost- bone
67%
carcin- cancer
67%
opthalm-, opt- eye
67%
gingiv- Gum
67%
hemi- half
67%
-itis inflammation
67%
arthr- joint
67%
psycho- mind
67%
my- muscle
67%
rhin- nose
67%
crani- skull
67%
-ology the study of
67%
hydro- water
67%
mast- breast
50%
path- disease
50%
lip- fat
50%
cephal- head
50%
nephr- kidney
50%
hepat- liver
50%
cervic- neck
50%
auto- self
50%
hypo- under
50%
cyan- blue
33%
spasm involuntary contraction
33%
-algia | -dyn- pain
33%
-ologist specialist
33%
lith- stone
33%
-oma tumor
33%
epi- upon
33%
contra- against, counter
17%
proct- anus
17%
-osis any condition
17%
retr(o)- backwards
17%
para- beside, beyond
17%
chole- bile
17%
rhexis break, burst
17%
chondr- cartilage
17%
cyt- cell
17%
-iasis condition
17%
-ostomy create an opening
17%
-otomy cut into
17%
-trophy development
17%
megal- enlarged
17%
-ectasis expansion
17%
blephar- eyelid
17%
aden- gland
17%
end- inside, within
17%
enter- intestines
17%
cheil- lip
17%
-scop- observe
17%
gen- original, production
17%
cost- rib
17%
burso- sac
17%
cyst- sac containing fluid
17%
semen seed
17%
brady- slow
17%
-malacia soft
17%
-ectomy surgical removal
17%
plast- surgical repair
17%
-rrhaphy suture
17%
cauda- tail
17%
dent- teeth
17%
glosso- | lingua- tongue
17%
odont- tooth
17%
hyster- uterus
17%
angi- | vaso- vessel
17%
celio- abdomen
0%
hyper- above, more than normal
0%
cantho- angle at the end of the eyelid
0%
-desis binding
0%
melan- black
0%
-penia decrease
0%
myring- eardrum
0%
acro- extremities
0%
-ptosis falling
0%
-cele hernia
0%
-oid like
0%
-lysis loosening, destruction
0%
mani- madness
0%
benign mild, not cancerous
0%
steno- narrow, contracted
0%
-gram record
0%
erythro- red
0%
trip- rub, friction
0%
lobo- section
0%
-esthesia sensation
0%
spondyl- spinal column
0%
trans- through, across
0%
strept- twist
0%
-emesis vomiting
0%
leuk- white
0%
No matching quizzes found
Score Distribution
Percent of People with Each Score
Percentile by Number Answered
Your Score History
You have not taken this quiz